Biology

Saved in:
Bibliographic Details
Main Authors: Raven, Peter H. (Author), Johnson, George B. (Author)
Format: Book
Language:English
Published: Boston : WCB/McGraw-Hill, 1996
Edition:4. edition
Tags: Add Tag
No Tags, Be the first to tag this record!

MARC

LEADER 00000nam a22000003a 4500
001 stu272960
005 20150617230238.7
008 130813s--------xxu-----------------eng-d
020 |a 0-697-22570-4 
040 |a STU  |b slo 
041 0 |a eng 
044 |a xxu 
080 |a 57 
100 1 |a Raven, Peter H.  |4 aut 
245 1 |a Biology 
250 |a 4. edition 
260 |a Boston :  |b WCB/McGraw-Hill,  |c 1996 
300 |a 32,1311 s 
700 1 |a Johnson, George B.  |4 aut 
996 |b 284V037206  |c V*51772/O-23177  |l VVT  |s A  |a 24  |w stu272960_0001